[Event "RF-2016-0-00298"]
[Site "LSS email"]
[Date "2016.03.17"]
[Round "?"]
[White "Caviglia, Maximiliano"]
[Black "Schoenbuchner, Gert"]
[Result "1-0"]
[WhiteElo "1214"]
[BlackElo "1157"]
[PlyCount "61"]
[EventDate "2016.03.02"]
[EventType "tourn (corr)"]
[EventRounds "6"]
[EventCountry "GER"]
[SourceTitle "Corr 2022"]
[Source "ChessBase"]
[SourceDate "2021.10.24"]
[SourceVersion "1"]
[SourceVersionDate "2021.10.24"]
[SourceQuality "1"]

1. c4 e5 2. g3 Nc6 3. b3 d6 4. Bg2 Be6 5. Bb2 Qd7 6. d4 exd4 7. Bxd4 Nge7 8. Bb2 0-0-0 9. Nf3 Bh3 10. 0-0 Bxg2 11. Kxg2 h5 12. h4 f6 13. Nc3 Rg8 14. Nd5 Nxd5 15. Qxd5 Be7 16. Qxh5 g5 17. Qf7 Rdf8 18. Qd5 gxh4 19. Nxh4 Ne5 20. Rad1 Qg4 21. Rh1 Qxe2 22. Nf5 Bd8 23. Rd2 Qg4 24. Nh6 Qg5 25. Nxg8 Rxg8 26. Bxe5 fxe5 27. c5 dxc5 28. Rhd1 a6 29. Qe6+ Kb8 30. Qxg8 Qxg8 31. Rxd8+ 1-0

[Event "RF-2016-0-00298"]
[Site "LSS email"]
[Date "2016.03.16"]
[Round "?"]
[White "Schoenbuchner, Gert"]
[Black "Lenz, Juergen"]
[Result "0-1"]
[WhiteElo "1157"]
[BlackElo "1068"]
[PlyCount "112"]
[EventDate "2016.03.02"]
[EventType "tourn (corr)"]
[EventRounds "6"]
[EventCountry "GER"]
[SourceTitle "Corr 2022"]
[Source "ChessBase"]
[SourceDate "2021.10.24"]
[SourceVersion "1"]
[SourceVersionDate "2021.10.24"]
[SourceQuality "1"]

1. e4 Nf6 2. Nc3 d5 3. exd5 Nxd5 4. Nxd5 Qxd5 5. Ne2 c5 6. Nc3 Qd8 7. Bc4 Nc6 8. 0-0 Bf5 9. d3 e6 10. Be3 Be7 11. Ne4 b6 12. f4 Nd4 13. c3 Nc6 14. Qe2 0-0 15. Rad1 Qc7 16. a3 a6 17. Ng3 Bg6 18. f5 exf5 19. Nxf5 Bf6 20. Bd5 Rad8 21. c4 Bxf5 22. Rxf5 Nd4 23. Bxd4 Bxd4+ 24. Kh1 g6 25. Rf3 Kg7 26. Rdf1 f5 27. b4 Rfe8 28. Qd2 Re5 29. g4 Rf8 30. gxf5 Rexf5 31. Rxf5 gxf5 32. Qg2+ Kh8 33. Qg5 Qg7 34. Qxg7+ Kxg7 35. Kg2 Kf6 36. Kf3 Re8 37. bxc5 Bxc5 38. Rd1 Bxa3 39. Ra1 Bc5 40. Rxa6 Re3+ 41. Kg2 Rxd3 42. Ra7 h5 43. Rf7+ Ke5 44. Bc6 h4 45. h3 Rd4 46. Bb5 Kf4 47. Rh7 Rd2+ 48. Kf1 Rh2 49. Rxh4+ Kg3 50. Rh5 f4 51. Bc6 Rc2 52. Bd5 Rc1+ 53. Ke2 Rc2+ 54. Kd3 Rh2 55. Ke4 f3 56. Rg5+ Kh4 0-1

[Event "RF-2016-0-00298"]
[Site "LSS email"]
[Date "2016.03.13"]
[Round "?"]
[White "Schoenbuchner, Gert"]
[Black "Shim Ng Min, Francis"]
[Result "0-1"]
[WhiteElo "1157"]
[BlackElo "1248"]
[PlyCount "66"]
[EventDate "2016.03.02"]
[EventType "tourn (corr)"]
[EventRounds "6"]
[EventCountry "GER"]
[SourceTitle "Corr 2022"]
[Source "ChessBase"]
[SourceDate "2021.10.24"]
[SourceVersion "1"]
[SourceVersionDate "2021.10.24"]
[SourceQuality "1"]

1. e4 c5 2. Nc3 Nc6 3. d3 e5 4. Be3 Nf6 5. h3 Be7 6. Qd2 0-0 7. 0-0-0 d5 8. exd5 Nxd5 9. Nxd5 Qxd5 10. Kb1 Be6 11. b3 b5 12. Nf3 a5 13. c4 bxc4 14. dxc4 Qxd2 15. Rxd2 a4 16. Ng5 Bf5+ 17. Bd3 Bxd3+ 18. Rxd3 axb3 19. Rxb3 Ra4 20. Rc1 Na5 21. Rbc3 Rb8+ 22. Kc2 Rxa2+ 23. Kd1 Bxg5 24. Bxg5 Rxf2 25. R3c2 Rf1+ 26. Kd2 Nb3+ 27. Ke2 Rxc1 28. Rxc1 Nxc1+ 29. Bxc1 f6 30. Ke3 Kf7 31. Ke4 Ke6 32. Ba3 Kd6 33. g4 Rb3 0-1

[Event "RF-2016-0-00296"]
[Site "LSS email"]
[Date "2016.03.11"]
[Round "?"]
[White "Frank, Stanislav"]
[Black "Schoenbuchner, Gert"]
[Result "0-1"]
[WhiteElo "1423"]
[BlackElo "1157"]
[PlyCount "56"]
[EventDate "2016.02.27"]
[EventType "tourn (corr)"]
[EventRounds "6"]
[EventCountry "GER"]
[SourceTitle "Corr 2022"]
[Source "ChessBase"]
[SourceDate "2021.10.24"]
[SourceVersion "1"]
[SourceVersionDate "2021.10.24"]
[SourceQuality "1"]

1. e4 e5 2. Nf3 Nc6 3. Bb5 d6 4. h3 Be6 5. d4 exd4 6. Nxd4 Nge7 7. 0-0 Bd7 8. Nc3 Nxd4 9. Bxd7+ Qxd7 10. Qxd4 Nc6 11. Qd1 0-0-0 12. Be3 g6 13. Nd5 Bg7 14. Rb1 f5 15. exf5 gxf5 16. b4 Kb8 17. c4 Ne5 18. Qb3 c6 19. Nf4 h5 20. a4 Bh6 21. Rfd1 Rhg8 22. Nxh5 Qf7 23. Bxh6 Qxh5 24. Bf4 Nf7 25. c5 Kc8 26. cxd6 Qg6 27. d7+ Rxd7 28. Rxd7 Qxg2# 0-1

[Event "RF-2016-0-00297"]
[Site "LSS email"]
[Date "2016.03.11"]
[Round "?"]
[White "Schoenbuchner, Gert"]
[Black "Frank, Stanislav"]
[Result "0-1"]
[WhiteElo "1157"]
[BlackElo "1410"]
[PlyCount "58"]
[EventDate "2016.02.29"]
[EventType "tourn (corr)"]
[EventRounds "6"]
[EventCountry "GER"]
[SourceTitle "Corr 2022"]
[Source "ChessBase"]
[SourceDate "2021.10.24"]
[SourceVersion "1"]
[SourceVersionDate "2021.10.24"]
[SourceQuality "1"]

1. e4 e5 2. Nf3 Nc6 3. Bc4 Bc5 4. d3 d6 5. Nc3 f5 6. exf5 Bxf5 7. 0-0 Nf6 8. Ng5 Rf8 9. Na4 Bb6 10. Nxb6 axb6 11. Be6 Bg6 12. Bb3 Nd4 13. Be3 h6 14. Bxd4 hxg5 15. Bc3 Qd7 16. f3 0-0-0 17. a4 Kb8 18. a5 b5 19. a6 b6 20. d4 e4 21. fxe4 Bxe4 22. Qd2 g4 23. g3 Bf3 24. Rae1 Ne4 25. Qd3 d5 26. Bd2 g5 27. c3 Qh7 28. Bxg5 Nxg5 29. Qxb5 Nh3# 0-1

[Event "RF-2016-0-00294"]
[Site "LSS email"]
[Date "2016.03.02"]
[Round "?"]
[White "Schoenbuchner, Gert"]
[Black "Bester, Kazimierz"]
[Result "1-0"]
[WhiteElo "1151"]
[BlackElo "748"]
[PlyCount "63"]
[EventDate "2016.02.23"]
[EventType "tourn (corr)"]
[EventRounds "6"]
[EventCountry "GER"]
[SourceTitle "Corr 2022"]
[Source "ChessBase"]
[SourceDate "2021.10.24"]
[SourceVersion "1"]
[SourceVersionDate "2021.10.24"]
[SourceQuality "1"]

1. e4 d5 2. exd5 Qxd5 3. Nc3 Qa5 4. d4 Nf6 5. Nf3 Nc6 6. Bd2 Bg4 7. Be2 0-0-0 8. Ne4 Qb6 9. Nxf6 gxf6 10. c3 h5 11. h3 Be6 12. Qc2 Rg8 13. Nh4 Bd7 14. Be3 Nb8 15. 0-0-0 Qa5 16. Kb1 Be6 17. b3 Rd6 18. g3 Bd5 19. Rhf1 e6 20. Bxh5 e5 21. dxe5 fxe5 22. Nf5 Rc6 23. c4 Be6 24. Bg4 b6 25. Bd2 Qa3 26. Ne3 Bg7 27. Bxe6+ fxe6 28. Bc1 Qa6 29. Bb2 Nd7 30. h4 Rc5 31. Qe4 Nf6 32. Qa8# 1-0

[Event "RF-2016-0-00285"]
[Site "LSS email"]
[Date "2016.02.03"]
[Round "?"]
[White "Schoenbuchner, Gert"]
[Black "Barros Uriburu, Nicolas"]
[Result "1-0"]
[WhiteElo "1141"]
[BlackElo "1178"]
[PlyCount "95"]
[EventDate "2016.01.17"]
[EventType "tourn (corr)"]
[EventRounds "6"]
[EventCountry "GER"]
[SourceTitle "Corr 2022"]
[Source "ChessBase"]
[SourceDate "2021.10.24"]
[SourceVersion "1"]
[SourceVersionDate "2021.10.24"]
[SourceQuality "1"]

1. e4 c5 2. Nc3 Nc6 3. d3 e6 4. f4 d5 5. exd5 exd5 6. g3 Nf6 7. Nf3 Be7 8. Bg2 0-0 9. 0-0 Bg4 10. h3 Bxf3 11. Bxf3 Nd4 12. Bg2 h5 13. Ne2 Nf5 14. Kh2 Bd6 15. c3 g6 16. Bd2 Kg7 17. Ng1 Rh8 18. Nf3 Qb6 19. b3 Rae8 20. Re1 Rxe1 21. Qxe1 Re8 22. Qf2 d4 23. Re1 Qd8 24. Rxe8 Qxe8 25. Qe1 Qxe1 26. Bxe1 Ne3 27. cxd4 Nxg2 28. Kxg2 cxd4 29. Nxd4 a6 30. Kf3 Kf8 31. g4 Nd5 32. gxh5 Nxf4 33. Bg3 Bc5 34. Bxf4 Bxd4 35. hxg6 fxg6 36. Ke4 Bf6 37. Kd5 Ke7 38. b4 Kd7 39. Kc5 Bd8 40. d4 b6+ 41. Kc4 Ke6 42. d5+ Kf5 43. Bg3 Ke4 44. d6 g5 45. a4 Bf6 46. b5 a5 47. d7 Bd8 48. Bd6 1-0

[Event "RF-2015-0-00278"]
[Site "LSS email"]
[Date "2015.12.31"]
[Round "?"]
[White "Garcia, Javier"]
[Black "Schoenbuchner, Gert"]
[Result "0-1"]
[WhiteElo "911"]
[BlackElo "1123"]
[PlyCount "84"]
[EventDate "2015.12.03"]
[EventType "tourn (corr)"]
[EventRounds "6"]
[EventCountry "GER"]
[SourceTitle "Corr 2022"]
[Source "ChessBase"]
[SourceDate "2021.10.24"]
[SourceVersion "1"]
[SourceVersionDate "2021.10.24"]
[SourceQuality "1"]

1. d4 d5 2. Nf3 Bf5 3. e3 Nc6 4. Bb5 e6 5. 0-0 Bd6 6. Nc3 Nf6 7. Nh4 Bg6 8. Nxg6 hxg6 9. Bxc6+ bxc6 10. h3 g5 11. f4 gxf4 12. exf4 Kd7 13. Be3 Rb8 14. b3 Nh5 15. f5 e5 16. dxe5 Bxe5 17. Bd4 Qf6 18. Bxe5 Qxe5 19. Na4 Qe3+ 20. Rf2 Ng3 21. Qe1 Rhe8 22. Qxe3 Rxe3 23. Nc5+ Kd6 24. Nd3 Rbe8 25. f6 g6 26. Kh2 Nf5 27. Rd1 Re2 28. Rxe2 Rxe2 29. Rc1 Ne3 30. Nf4 Rxc2 31. Rxc2 Nxc2 32. g4 Ke5 33. Nxg6+ Kxf6 34. Nf4 a5 35. Nd3 Nb4 36. Nxb4 axb4 37. Kg3 c5 38. Kf3 c4 39. bxc4 dxc4 40. Ke3 b3 41. axb3 cxb3 42. Kd2 c5 0-1

[Event "RF-2015-0-00278"]
[Site "LSS email"]
[Date "2015.12.31"]
[Round "?"]
[White "Schoenbuchner, Gert"]
[Black "Lauer, Frederic"]
[Result "1/2-1/2"]
[WhiteElo "1123"]
[BlackElo "1063"]
[PlyCount "109"]
[EventDate "2015.12.03"]
[EventType "tourn (corr)"]
[EventRounds "6"]
[EventCountry "GER"]
[SourceTitle "Corr 2022"]
[Source "ChessBase"]
[SourceDate "2021.10.24"]
[SourceVersion "1"]
[SourceVersionDate "2021.10.24"]
[SourceQuality "1"]

1. e4 c5 2. Nc3 g6 3. d3 Bg7 4. Be3 d6 5. f4 Qa5 6. Nge2 Nc6 7. g3 Bg4 8. Bg2 Nd4 9. 0-0 Nxe2+ 10. Nxe2 Bxe2 11. Qxe2 Qc7 12. c3 Nf6 13. d4 cxd4 14. cxd4 Nd7 15. Rac1 Qa5 16. b3 0-0 17. e5 dxe5 18. dxe5 Rab8 19. Rc2 Rfd8 20. Rfc1 e6 21. Rc7 Bf8 22. Rxb7 Rxb7 23. Bxb7 Nc5 24. Bf3 h5 25. Kf1 Nd3 26. Rd1 Nb4 27. Rxd8 Qxd8 28. Bxa7 Qa5 29. Bf2 Nxa2 30. Qc4 Nb4 31. Be1 Qa6 32. Qxa6 Nxa6 33. Ke2 Be7 34. Kd3 Kf8 35. Bc6 Nb4+ 36. Bxb4 Bxb4 37. Kc4 Be1 38. b4 Ke7 39. b5 Bf2 40. Kb4 Bb6 41. Kc3 Kd8 42. Kd3 Bg1 43. h3 Bb6 44. Ke2 Ke7 45. Kf3 Kd8 46. g4 hxg4+ 47. hxg4 Ke7 48. Ke4 Bf2 49. f5 gxf5+ 50. gxf5 f6 51. fxe6 Kxe6 52. Bd5+ Kd7 53. e6+ Ke7 54. Bc4 Kd6 55. Kf5 1/2-1/2

[Event "RF-2015-0-00277"]
[Site "LSS email"]
[Date "2015.12.28"]
[Round "?"]
[White "Bieszk, Stanislaw"]
[Black "Schoenbuchner, Gert"]
[Result "1-0"]
[WhiteElo "876"]
[BlackElo "1123"]
[PlyCount "129"]
[EventDate "2015.11.30"]
[EventType "tourn (corr)"]
[EventRounds "6"]
[EventCountry "GER"]
[SourceTitle "Corr 2022"]
[Source "ChessBase"]
[SourceDate "2021.10.24"]
[SourceVersion "1"]
[SourceVersionDate "2021.10.24"]
[SourceQuality "1"]

1. c4 e5 2. Nc3 Nc6 3. g3 Bc5 4. e3 d6 5. Bg2 Be6 6. d3 Nf6 7. Nge2 Qd7 8. h4 0-0-0 9. a3 Bb6 10. b4 Kb8 11. Nd5 h6 12. Nxb6 cxb6 13. Bb2 Ng4 14. Bc3 f5 15. Qd2 Rhe8 16. 0-0 h5 17. f3 Nf6 18. a4 Nh7 19. a5 b5 20. cxb5 Ne7 21. b6 a6 22. d4 exd4 23. Nxd4 Bc4 24. Rfe1 g5 25. hxg5 Nxg5 26. Bb2 Ne6 27. Rac1 d5 28. Bh3 Nxd4 29. Bxd4 Qd6 30. f4 Qg6 31. Qf2 Rg8 32. Be5+ Ka8 33. Kh2 Nc6 34. Bc3 h4 35. Rg1 hxg3+ 36. Rxg3 Qh6 37. Rcg1 d4 38. Rxg8 Rxg8 39. Rxg8+ Bxg8 40. exd4 Bd5 41. Qe3 Qe6 42. Qxe6 Bxe6 43. d5 Bxd5 44. Bxf5 Kb8 45. Kg3 Nd8 46. Be5+ Ka8 47. Bd7 Be6 48. Bxe6 Nxe6 49. Bc3 Kb8 50. f5 Nd8 51. Kf4 Kc8 52. Kg5 Kd7 53. Kf6 Kd6 54. Bd4 Kd7 55. Bc5 Ke8 56. Ke5 Nf7+ 57. Ke6 Nd8+ 58. Kd6 Nc6 59. Kc7 Nd8 60. Bd4 Nc6 61. Bc3 Nd8 62. Bf6 Nf7 63. Kxb7 Nd6+ 64. Kxa6 Nxf5 65. b7 1-0

[Event "RF-2015-0-00264"]
[Site "LSS email"]
[Date "2015.10.19"]
[Round "?"]
[White "Gorman, Andrew"]
[Black "Schoenbuchner, Gert"]
[Result "0-1"]
[WhiteElo "852"]
[BlackElo "1120"]
[PlyCount "82"]
[EventDate "2015.09.24"]
[EventType "tourn (corr)"]
[EventRounds "6"]
[EventCountry "GER"]
[SourceTitle "Corr 2022"]
[Source "ChessBase"]
[SourceDate "2021.10.24"]
[SourceVersion "1"]
[SourceVersionDate "2021.10.24"]
[SourceQuality "1"]

1. e4 e5 2. Nf3 Nc6 3. Bc4 d6 4. d4 exd4 5. Nxd4 Nge7 6. 0-0 Nxd4 7. Qxd4 Nc6 8. Qe3 Be6 9. Bxe6 fxe6 10. Bd2 Qd7 11. Re1 0-0-0 12. a3 Kb8 13. Nc3 Be7 14. h3 e5 15. b4 Nd4 16. Qd3 g5 17. g4 h5 18. Nd5 hxg4 19. hxg4 Qxg4+ 20. Qg3 Nf3+ 21. Kf1 Nxd2+ 22. Kg2 Qxg3+ 23. fxg3 Bf8 24. Re2 Nc4 25. c3 c6 26. Ne3 Nxe3+ 27. Rxe3 g4 28. Rh1 Bg7 29. Rxh8 Rxh8 30. c4 Kc7 31. c5 d5 32. a4 d4 33. Rd3 Bh6 34. b5 Be3 35. b6+ axb6 36. cxb6+ Kxb6 37. Rb3+ Ka6 38. Ra3 c5 39. Rb3 b6 40. Ra3 Ka5 41. Rb3 Rh6 0-1

[Event "RF-2015-0-00259"]
[Site "LSS email"]
[Date "2015.09.15"]
[Round "?"]
[White "Perez Garcia, Miguel"]
[Black "Schoenbuchner, Gert"]
[Result "1/2-1/2"]
[WhiteElo "1261"]
[BlackElo "1111"]
[PlyCount "48"]
[EventDate "2015.08.22"]
[EventType "tourn (corr)"]
[EventRounds "6"]
[EventCountry "GER"]
[SourceTitle "Corr 2022"]
[Source "ChessBase"]
[SourceDate "2021.10.24"]
[SourceVersion "1"]
[SourceVersionDate "2021.10.24"]
[SourceQuality "1"]

1. e4 e5 2. Nf3 Nc6 3. d4 exd4 4. Bc4 Bc5 5. c3 dxc3 6. Bxf7+ Kxf7 7. Qd5+ Ke8 8. Qh5+ g6 9. Qxc5 d6 10. Qxc3 Qf6 11. Bd2 Bg4 12. Qxf6 Nxf6 13. Bc3 Rf8 14. Nbd2 Kd7 15. Nd4 Nxd4 16. Bxd4 Rae8 17. f3 Be6 18. Kf2 Nh5 19. Rac1 b6 20. Rc3 c5 21. Be3 a5 22. Re1 Nf6 23. b3 Ng4+ 24. Kg3 Nxe3 1/2-1/2

[Event "OP-2015-0-03814"]
[Site "LSS email"]
[Date "2015.09.12"]
[Round "?"]
[White "Kurowski, Andrzej"]
[Black "Schoenbuchner, Gert"]
[Result "1-0"]
[WhiteElo "2045"]
[BlackElo "1120"]
[PlyCount "47"]
[EventDate "2015.09.07"]
[EventType "tourn (corr)"]
[EventRounds "4"]
[EventCountry "GER"]
[SourceTitle "Corr 2022"]
[Source "ChessBase"]
[SourceDate "2021.10.24"]
[SourceVersion "1"]
[SourceVersionDate "2021.10.24"]
[SourceQuality "1"]

1. d4 e5 2. dxe5 Nc6 3. Nf3 Nge7 4. Nc3 Ng6 5. Bg5 Be7 6. Bxe7 Ngxe7 7. e4 Ng6 8. Be2 Ngxe5 9. Nxe5 Nxe5 10. Qd4 f6 11. f4 Nc6 12. Qc4 d6 13. 0-0-0 Bd7 14. Rhe1 Qe7 15. Nd5 Qd8 16. e5 fxe5 17. fxe5 Qg5+ 18. Kb1 0-0-0 19. exd6 cxd6 20. b4 Kb8 21. b5 Ne5 22. Qc7+ Ka8 23. Rd4 Rc8 24. Nb6+ 1-0

[Event "IECC CL0-2015.00 email"]
[Site "IECC email"]
[Date "2015.06.01"]
[Round "?"]
[White "Couspeyre, Thierry"]
[Black "Schoenbuchner, Gert"]
[Result "1-0"]
[WhiteElo "1145"]
[BlackElo "1123"]
[PlyCount "31"]
[EventDate "2015.04.22"]
[EventType "tourn (corr)"]
[EventRounds "4"]
[SourceTitle "Corr 2022"]
[Source "ChessBase"]
[SourceDate "2021.10.24"]
[SourceVersion "1"]
[SourceVersionDate "2021.10.24"]
[SourceQuality "1"]

1. d4 e5 2. dxe5 Nc6 3. Nf3 Nge7 4. e4 Ng6 5. Nc3 Bb4 6. Bg5 Nge7 7. Qd3 h6 8. Bd2 Ng6 9. a3 Ba5 10. 0-0-0 Ngxe5 11. Nxe5 Nxe5 12. Qg3 Ng6 13. Bc4 d6 14. h4 Bd7 15. h5 Ne5 16. Qxg7 1-0

[Event "IECC CL0-2015.00 email"]
[Site "IECC email"]
[Date "2015.06.01"]
[Round "?"]
[White "Schoenbuchner, Gert"]
[Black "Trevis, Robert R"]
[Result "1-0"]
[WhiteElo "1123"]
[BlackElo "1114"]
[PlyCount "79"]
[EventDate "2015.04.22"]
[EventType "tourn (corr)"]
[EventRounds "4"]
[SourceTitle "Corr 2022"]
[Source "ChessBase"]
[SourceDate "2021.10.24"]
[SourceVersion "1"]
[SourceVersionDate "2021.10.24"]
[SourceQuality "1"]

1. e4 e5 2. Nc3 Nf6 3. Bc4 Nc6 4. d3 Bb4 5. Bd2 d6 6. Nf3 0-0 7. Qe2 Bxc3 8. Bxc3 Be6 9. Bxe6 fxe6 10. 0-0-0 Qd7 11. d4 exd4 12. Nxd4 Nxd4 13. Bxd4 Qa4 14. Kb1 e5 15. Bc3 Qxe4 16. Rde1 Qxg2 17. Rhg1 Qxh2 18. Rg3 Qh5 19. Qc4+ Qf7 20. Qh4 a5 21. Rh1 b5 22. Bd2 c5 23. Bg5 Kh8 24. Rgh3 Qg6 25. Be3 Qg2 26. Bg5 Kg8 27. Bxf6 Rxf6 28. Qxh7+ Kf8 29. Rg3 Qxf2 30. Qxg7+ Ke8 31. Qg8+ Rf8 32. Qe6+ Kd8 33. Qxd6+ Kc8 34. Qc6+ Kb8 35. Qxb5+ Kc7 36. Rh7+ Rf7 37. Rxf7+ Qxf7 38. Qxc5+ Kd7 39. Rd3+ Ke8 40. Qc6+ 1-0

[Event "RF-2015-0-00238"]
[Site "LSS email"]
[Date "2015.05.26"]
[Round "?"]
[White "Hickl, Norbert"]
[Black "Schoenbuchner, Gert"]
[Result "0-1"]
[WhiteElo "903"]
[BlackElo "1137"]
[PlyCount "70"]
[EventDate "2015.05.05"]
[EventType "tourn (corr)"]
[EventRounds "6"]
[EventCountry "GER"]
[SourceTitle "Corr 2022"]
[Source "ChessBase"]
[SourceDate "2021.10.24"]
[SourceVersion "1"]
[SourceVersionDate "2021.10.24"]
[SourceQuality "1"]

1. c4 e5 2. g3 d6 3. Bg2 Nc6 4. Nc3 Be6 5. d3 Qd7 6. Nf3 0-0-0 7. Be3 h6 8. 0-0 g5 9. Qa4 Kb8 10. Nb5 a6 11. Nc3 f5 12. Rfb1 f4 13. Bd2 Be7 14. b4 Nd4 15. Qxd7 Nxf3+ 16. Bxf3 Rxd7 17. a4 h5 18. a5 g4 19. Bg2 fxg3 20. fxg3 h4 21. Ne4 hxg3 22. Nxg3 Nf6 23. b5 axb5 24. Rxb5 c6 25. Rb2 Nh5 26. a6 d5 27. axb7 Rxb7 28. Rxb7+ Kxb7 29. cxd5 Bxd5 30. Bxd5 cxd5 31. Nxh5 Rxh5 32. e4 Bc5+ 33. Kg2 dxe4 34. dxe4 Rh3 35. Bc3 Rxc3 0-1

[Event "RF-2015-0-00238"]
[Site "LSS email"]
[Date "2015.05.26"]
[Round "?"]
[White "Schoenbuchner, Gert"]
[Black "Lauer, Frederic"]
[Result "1-0"]
[WhiteElo "1137"]
[BlackElo "1131"]
[PlyCount "26"]
[EventDate "2015.05.05"]
[EventType "tourn (corr)"]
[EventRounds "6"]
[EventCountry "GER"]
[SourceTitle "Corr 2022"]
[Source "ChessBase"]
[SourceDate "2021.10.24"]
[SourceVersion "1"]
[SourceVersionDate "2021.10.24"]
[SourceQuality "1"]

1. e4 c5 2. Nc3 Nc6 3. d3 d6 4. Be3 g6 5. Qd2 Bg7 6. 0-0-0 Nf6 7. f3 0-0 8. g4 e5 9. h4 Nd4 10. Bg2 Bd7 11. h5 b5 12. Nce2 Rc8 13. Kb1 Qa5 1-0

[Event "RF-2015-0-00233"]
[Site "LSS email"]
[Date "2015.04.26"]
[Round "?"]
[White "Ausan, Leo Tito Jr"]
[Black "Schoenbuchner, Gert"]
[Result "0-1"]
[WhiteElo "1278"]
[BlackElo "1143"]
[PlyCount "62"]
[EventDate "2015.03.22"]
[EventType "tourn (corr)"]
[EventRounds "6"]
[EventCountry "GER"]
[SourceTitle "Corr 2022"]
[Source "ChessBase"]
[SourceDate "2021.10.24"]
[SourceVersion "1"]
[SourceVersionDate "2021.10.24"]
[SourceQuality "1"]

1. e4 e5 2. Nf3 Nc6 3. Bb5 d6 4. d4 exd4 5. Qxd4 Bd7 6. Bxc6 Bxc6 7. 0-0 Ne7 8. Nc3 b6 9. Bg5 f6 10. Bh4 Bb7 11. Rfe1 Nc6 12. Qd2 Qd7 13. Nd4 0-0-0 14. Nxc6 Bxc6 15. a4 g5 16. Bg3 h5 17. f3 h4 18. Bf2 h3 19. g3 Bg7 20. b4 f5 21. b5 Bb7 22. Rad1 fxe4 23. Nxe4 Qf5 24. Nxg5 Bh6 25. f4 Bxg5 26. fxg5 Qf3 27. Bd4 Qh1+ 28. Kf2 Qxh2+ 29. Kf1 Qh1+ 30. Kf2 Qg2+ 31. Ke3 Qf3# 0-1

[Event "RF-2015-0-00229"]
[Site "LSS email"]
[Date "2015.03.23"]
[Round "?"]
[White "Schoenbuchner, Gert"]
[Black "Perez Garcia, Miguel"]
[Result "0-1"]
[WhiteElo "1094"]
[BlackElo "1294"]
[PlyCount "78"]
[EventDate "2015.02.25"]
[EventType "tourn (corr)"]
[EventRounds "6"]
[EventCountry "GER"]
[SourceTitle "Corr 2022"]
[Source "ChessBase"]
[SourceDate "2021.10.24"]
[SourceVersion "1"]
[SourceVersionDate "2021.10.24"]
[SourceQuality "1"]

1. e4 e5 2. Nf3 Nf6 3. Nc3 Bb4 4. d3 d5 5. exd5 0-0 6. Bd2 Nxd5 7. Nxd5 Bxd2+ 8. Qxd2 Qxd5 9. Be2 Nc6 10. 0-0 Rd8 11. Rfd1 Bg4 12. Ng5 Bxe2 13. Qxe2 Nd4 14. Qd2 c5 15. c3 Ne6 16. Nxe6 Qxe6 17. Qe3 Rac8 18. Rd2 Re8 19. h3 b6 20. b4 cxb4 21. cxb4 Rc3 22. a4 Qb3 23. Rad1 Qxb4 24. Qg5 f6 25. Qh5 g6 26. Qg4 Qxg4 27. hxg4 Ra3 28. d4 Rxa4 29. d5 Rxg4 30. d6 Rc4 31. Ra2 a5 32. Rb2 Rc6 33. d7 Rd8 34. Rb5 Kf7 35. f3 Ke7 36. Kf2 Rxd7 37. Rxd7+ Kxd7 38. g4 Rc2+ 39. Kg3 Kc6 0-1